| 000 | 00312cam a22001097a 4500 | ||
|---|---|---|---|
| 008 | 180718b2015 xxu||||| |||| 00| 0 eng d | ||
| 020 | _a9781785608094 | ||
| 100 | _aGems, Emerald | ||
| 245 |
_aNew perspectives in global environmental disasters _cby Emerald Gems |
||
| 260 |
_aIndia _bEmerald _c2015 |
||
| 300 | _a232p. | ||
| 999 |
_c446092 _d446092 |
||